<?xml version="1.0" encoding="UTF-8"?>
<marc:record xmlns:marc="http://www.loc.gov/MARC21/slim">
   <marc:leader>00000nam a2200000 a 4500</marc:leader>
   <marc:datafield ind1="1" ind2=" " tag="100">
      <marc:subfield code="a">Blazy, Sabine</marc:subfield>
      <marc:subfield code="4">aut</marc:subfield>
      <marc:subfield code="e">Verfasser/-in</marc:subfield>
   </marc:datafield>
   <marc:datafield ind1="0" ind2="0" tag="245">
      <marc:subfield code="a">Paula Pepper ermittelt</marc:subfield>
   </marc:datafield>
   <marc:datafield ind1="0" ind2="0" tag="245">
      <marc:subfield code="c">Sabine Blazy. Mit Bildern von Edda Skibbe</marc:subfield>
   </marc:datafield>
   <marc:datafield ind1=" " ind2="1" tag="264">
      <marc:subfield code="a">Stuttgart</marc:subfield>
      <marc:subfield code="b">Thienemann</marc:subfield>
      <marc:subfield code="c">2008</marc:subfield>
   </marc:datafield>
   <marc:datafield ind1=" " ind2=" " tag="250">
      <marc:subfield code="a">1. Aufl.</marc:subfield>
   </marc:datafield>
   <marc:datafield ind1="1" ind2=" " tag="520">
      <marc:subfield code="a">Angaben aus der Verlagsmeldung

Paula Pepper ermittelt: Schatten im Nebel / von Sabine Blazy

Nebel. Nichts als Nebel. Paula kann das alte Gasthaus kaum erkennen. Unheimlich sieht es aus. Kein Wunder, dass es dort spuken soll. Paula würde alles darum geben, woanders zu übernachten. Aber wo soll sie sonst hin in dieser einsamen Gegend? Plötzlich spürt Paula, wie etwas auf sie zukommt. Ein Schatten taucht aus dem Nebel auf ...

Nach "Die verschwundene Statue" ein neuer fesselnder Krimi um eine außergewöhnliche gehörlose Heldin.
Ab 10 Jahren.
</marc:subfield>
   </marc:datafield>
   <marc:datafield ind1=" " ind2=" " tag="020">
      <marc:subfield code="a">9783522179393</marc:subfield>
      <marc:subfield code="9">9783522179393</marc:subfield>
   </marc:datafield>
   <marc:datafield ind1=" " ind2=" " tag="041">
      <marc:subfield code="a">ger</marc:subfield>
   </marc:datafield>
   <marc:datafield ind1=" " ind2=" " tag="300">
      <marc:subfield code="a">236 S.</marc:subfield>
   </marc:datafield>
</marc:record>
